000
00364nam a2200133Ia 4500
008
100328s9999 xx 000 0 und d
082
_b
68928
100
_a
गोविलकर सुमती.
245
_a
स्वरसुाा.
260
_b
पारस.
630
_a
स्वरसुाा.
730
_a
स्वरसुाा.
942
_c
BOOK
999
_c
554661
_d
554658